| 000 | 00666cam a2200241 4500500 | ||
|---|---|---|---|
| 005 | 20260405003313.0 | ||
| 041 | _afre | ||
| 042 | _adc | ||
| 100 | 1 | 0 |
_aMonteils, Margot _eauthor |
| 245 | 0 | 0 | _aRéputation |
| 260 | _c2021. | ||
| 500 | _a40 | ||
| 690 | _aBourdieu | ||
| 690 | _aMachiavel | ||
| 690 | _aMarc Aurèle | ||
| 690 | _aPierre Bourdieu | ||
| 690 | _aReconnaissance | ||
| 690 | _aRéputation | ||
| 690 | _aRousseau | ||
| 690 | _aSchopenhauer | ||
| 786 | 0 | _nPhilosophie magazine | 150 | 6 | 2021-06-01 | p. 68-69 | 1951-1787 | |
| 856 | 4 | 1 | _uhttps://shs.cairn.info/magazine-philosophie-magazine-2021-6-page-68?lang=fr&redirect-ssocas=7080 |
| 999 |
_c2066295 _d2066295 |
||